កូនប្រជៀវវៃឆ្លាត : (Record no. 8580)

MARC details
000 -LEADER
fixed length control field 02245nam a22003137a 4500
001 - CONTROL NUMBER
control field 8580
003 - CONTROL NUMBER IDENTIFIER
control field FISKH
005 - DATE AND TIME OF LATEST TRANSACTION
control field 20251001154110.0
008 - FIXED-LENGTH DATA ELEMENTS--GENERAL INFORMATION
fixed length control field 251001b cb ||||| |||| 00| 0 eng d
020 ## - INTERNATIONAL STANDARD BOOK NUMBER
International Standard Book Number 9789996301568
040 ## - CATALOGING SOURCE
Original cataloging agency FISKH
Language of cataloging khr
Transcribing agency FISKH
Modifying agency FISKH
050 ## - LIBRARY OF CONGRESS CALL NUMBER
Classification number PZ7
082 ## - DEWEY DECIMAL CLASSIFICATION NUMBER
Classification number 590
100 ## - MAIN ENTRY--PERSONAL NAME
Personal name Dawn, Dim
245 ## - TITLE STATEMENT
Title កូនប្រជៀវវៃឆ្លាត :
Remainder of title Clever little bat /
Statement of responsibility, etc. និពន្ធដោយ​ លោក ឌឹម ដន ,​ គណ:កម្មការអំណាន លោក ធី ចាន់ថន និង អ្នកនាង វ៉ាត ចរិយា​
260 ## - PUBLICATION, DISTRIBUTION, ETC.
Place of publication, distribution, etc. Phnom Penh :
Name of publisher, distributor, etc. Reading Books ,
Date of publication, distribution, etc. 2012.
300 ## - PHYSICAL DESCRIPTION
Extent 21 pages :
Other physical details color illustrations ;
Dimensions 25 cm .
490 ## - SERIES STATEMENT
Series statement ពិភពរឿងនិទាន
505 ## - FORMATTED CONTENTS NOTE
Formatted contents note K <br/>
520 ## - SUMMARY, ETC.
Summary, etc. មានកូនប្រជៀវតូចមួយហើររកចំណីតែឯងខុសពេលវេលាគ្មានទិសដៅ ហើយបានជួបនឹងសត្រូវដែលជាសត្វកំណាចដែលអាចសុីវាជាអាហារ ៕ ប៉ុន្តែដោយសារភាពឆ្លាតវៃវាអាចដោះស្រាយបព្ហាអោយខ្លួនវារួចផុតពីសេចក្តីស្លាប់បាន ។ ចាប់ពីពេលនោះមកវាក៏បានផ្លាស់ប្តូរពេលវេលាស្វែងរកចំណីដោយប្រុងប្រយ័ត្ន ។
520 ## - SUMMARY, ETC.
Summary, etc. There was a little bat flying around in search of food alone at the wrong time. THen he came across his enemies, the fierce creatures that could prey on him for two times. However, due to his wisdom, the little bat could peacefully deal with the two enemies and saved his life . Since then, the little bat changed his time to look for food carefully .
521 8# - TARGET AUDIENCE NOTE
Target audience note 510 <br/>
Source Lexile estimate <br/>
521 8# - TARGET AUDIENCE NOTE
Target audience note K <br/>
Source Raz-Plus
650 ## - SUBJECT ADDED ENTRY--TOPICAL TERM
Topical term or geographic name entry element កូនប្រជៀវវៃឆ្លាត
Form subdivision រឿងនិទានកុមារ
650 ## - SUBJECT ADDED ENTRY--TOPICAL TERM
Topical term or geographic name entry element Clever little bat
Form subdivision Children's stories
700 ## - ADDED ENTRY--PERSONAL NAME
Personal name Yu, Mai
Relator term Illustrator
942 ## - ADDED ENTRY ELEMENTS (KOHA)
Source of classification or shelving scheme Dewey Decimal Classification
Koha item type Khmer Books
Suppress in OPAC No
Holdings
Withdrawn status Lost status Source of classification or shelving scheme Damaged status Not for loan Collection Home library Current library Shelving location Date acquired Total Checkouts Full call number Barcode Date last seen Copy number Price effective from Koha item type
    Dewey Decimal Classification     Khmer-English Bilingual / ភាសាខ្មែរ-អង់គ្លេស Footprints International School Library Network Toul Tom Poung Campus Footprints International School Library Network Toul Tom Poung Campus TTP Primary Khmer Bookshelves 10/01/2025   DAW PZ7 590 FISBK072198 10/01/2025 1 10/01/2025 Khmer Books
    Dewey Decimal Classification     Khmer-English Bilingual / ភាសាខ្មែរ-អង់គ្លេស Footprints International School Library Network Toul Tom Poung Campus Footprints International School Library Network Toul Tom Poung Campus TTP Primary Khmer Bookshelves 10/23/2025   DAW PZ7 590 FIS04163 10/23/2025 2 10/23/2025 Khmer Books
    Dewey Decimal Classification     Khmer-English Bilingual / ភាសាខ្មែរ-អង់គ្លេស Footprints International School Library Network Toul Tom Poung Campus Footprints International School Library Network Toul Tom Poung Campus TTP Primary Khmer Bookshelves 11/10/2025   DAW PZ7 590 FIS04296 11/10/2025 3 11/10/2025 Khmer Books